| 000 | 00463cam a2200181ua 4500 | ||
|---|---|---|---|
| 001 | 546 | ||
| 008 | 110407n ii |||gr||||Z||||||eng | ||
| 040 | _cMAIN | ||
| 082 | _a327.17 | ||
| 245 | 1 |
_aWorld peace and its problems _cby Ravindra Varma |
|
| 250 | _a1st. | ||
| 260 |
_aAgra: _bNath publishing,955. |
||
| 300 |
_aii, 61p: _c3cm. |
||
| 653 | _aPolitical science | ||
| 653 | _aWorld peace and its problems | ||
| 700 |
_aVarma, Ravindra., _eAuthor. |
||
| 942 | _cBK | ||
| 999 |
_c484 _d484 |
||